Mental condition defence in the criminal law

Mental condition defenses have been used in several high-profile and controversial criminal trials in recent years. In this work, the author offers a detailed critical analysis of those defenses within British Criminal Law where the accused relies on some form of mental abnormality as a source of de...

Disgrifiad llawn

Wedi'i Gadw mewn:
Manylion Llyfryddiaeth
Prif Awdur: Mackay, R. D
Fformat: Llyfr
Iaith:Undetermined
Cyhoeddwyd: Oxford Clarendon Press 1995
Pynciau:
Tagiau: Ychwanegu Tag
Dim Tagiau, Byddwch y cyntaf i dagio'r cofnod hwn!
Thư viện lưu trữ: Trung tâm Học liệu Trường Đại học Cần Thơ
LEADER 01117nam a2200205Ia 4500
001 CTU_152933
008 210402s9999 xx 000 0 und d
082 |a 345.4104 
082 |b M153 
100 |a Mackay, R. D 
245 0 |a Mental condition defence in the criminal law 
245 0 |c R.D. Mackay 
260 |a Oxford 
260 |b Clarendon Press 
260 |c 1995 
520 |a Mental condition defenses have been used in several high-profile and controversial criminal trials in recent years. In this work, the author offers a detailed critical analysis of those defenses within British Criminal Law where the accused relies on some form of mental abnormality as a source of defense. Topics covered include: the defences of automatism, insanity, diminished responsibility, and infanticide; self-induced incapacity; the doctrine of fault; and unfitness to plead. 
650 |a Insanity (Law),Criminal liability,Nghĩa vụ pháp lý với tội phạm 
650 |z Great Britain,Great Britain,Vương quốc Anh 
904 |i Tuyến 
980 |a Trung tâm Học liệu Trường Đại học Cần Thơ